<?xml version="1.0" encoding="UTF-8"?>
<record
    xmlns:xsi="http://www.w3.org/2001/XMLSchema-instance"
    xsi:schemaLocation="http://www.loc.gov/MARC21/slim http://www.loc.gov/standards/marcxml/schema/MARC21slim.xsd"
    xmlns="http://www.loc.gov/MARC21/slim">

  <leader>04831cam a2200289   4500</leader>
  <controlfield tag="001">7264</controlfield>
  <controlfield tag="003">OCoLC</controlfield>
  <controlfield tag="005">20181127183252.0</controlfield>
  <controlfield tag="008">011105s2002    gw a     b    001 0 eng</controlfield>
  <datafield tag="010" ind1=" " ind2=" ">
    <subfield code="a">2001055111</subfield>
  </datafield>
  <datafield tag="020" ind1=" " ind2=" ">
    <subfield code="a">3540427678</subfield>
  </datafield>
  <datafield tag="082" ind1="0" ind2="0">
    <subfield code="a">330.9/173/2</subfield>
    <subfield code="2">21</subfield>
  </datafield>
  <datafield tag="100" ind1="1" ind2=" ">
    <subfield code="a">Zhang, Wei-Bin,</subfield>
    <subfield code="d">1961-</subfield>
  </datafield>
  <datafield tag="245" ind1="1" ind2="3">
    <subfield code="a">An economic theory of cities :</subfield>
    <subfield code="b">spatial models with capital, knowledge, and structures /</subfield>
    <subfield code="c">Wei-Bin Zhang</subfield>
  </datafield>
  <datafield tag="264" ind1=" " ind2="1">
    <subfield code="a">Berlin ;</subfield>
    <subfield code="a">New York :</subfield>
    <subfield code="b">Springer,</subfield>
    <subfield code="c">[2002]</subfield>
  </datafield>
  <datafield tag="300" ind1=" " ind2=" ">
    <subfield code="a">xi, 220 pages :</subfield>
    <subfield code="b">illustrations ;</subfield>
    <subfield code="c">25 cm</subfield>
  </datafield>
  <datafield tag="336" ind1=" " ind2=" ">
    <subfield code="a">text</subfield>
    <subfield code="b">txt</subfield>
    <subfield code="2">rdacontent</subfield>
  </datafield>
  <datafield tag="337" ind1=" " ind2=" ">
    <subfield code="a">unmediated</subfield>
    <subfield code="b">n</subfield>
    <subfield code="2">rdamedia</subfield>
  </datafield>
  <datafield tag="338" ind1=" " ind2=" ">
    <subfield code="a">volume</subfield>
    <subfield code="b">nc</subfield>
    <subfield code="2">rdacarrier</subfield>
  </datafield>
  <datafield tag="440" ind1=" " ind2="0">
    <subfield code="a">Lecture notes in economics and mathematical systems,</subfield>
    <subfield code="x">0075-8450 ;</subfield>
    <subfield code="v">512</subfield>
  </datafield>
  <datafield tag="504" ind1=" " ind2=" ">
    <subfield code="a">Includes bibliographical references (pages [204]-216) and index</subfield>
  </datafield>
  <datafield tag="505" ind1=" " ind2=" ">
    <subfield code="a">1 Introduction.- 1.1 Von Thunen's Theory.- 1.2 Classical  Location Theory.- 1.3 The Alonso Model and its  Extensions.- 1.4 Imperfect Competition.- 1.5 Spatial  Agglomeration.- 1.6 Spatial Structures with Population  and Knowledge.- 1.7 City Systems.- 1.8 Nonlinear Spatial  Economic Dynamics.- 1.9 The Purpose and Structure of the  Book.- 2 Urban Growth with Housing and Spatial  Structure.- 2.1 Urban Growth with Housing Production.-  2.2 The Dynamics in the Terms of K(t).- 2.3 Equilibrium  and Stability.- 2.4 The Impact of the Population on  Economic Geography.- 2.5 The Propensity to Hold Wealth  and the Equilibrium Structure.- 2.6 On Extensions of the  Basic Model.- A.2.1 Proving Proposition 2.1.- 3 Spatial  Pattern Formation with Capital and Knowledge.- 3.1 The  Urban Dynamics.- 3.2 Equilibrium and Stability.- 3.3 The  Knowledge Accumulation Parameters.- 3.4 The Impact of  Government Intervention in Research.- 3.5 The Working  Conditions of Scientists.- 3.6 On Knowledge Creation and  Spatial Economic Evolution.- A.3.1 Expressing the  Variables in Terms of K and Z.- A.3.2 The Proof of  Proposition 3.2.1.- 4 Urban Structure with Growth and  Sexual Division of Labor.- 4.1 Growth with Sexual  Division of Labor and Location.- 4.2 The Spatial  Equilibrium Structure.- 4.3 Sexual Productivity  Differences and Economic Structure.- 4.4 Remarks.- A.4.1  Proving Proposition 4.2.1.- 5 Dynamic Urban Pattern  Formation with Heterogeneous Population.- 5.1 The Urban  Growth with Two Groups.- 5.2 Separation of the Groups'  Residential Location.- 5.3 Economic Equilibrium and  Stability.- 5.4 The Impact of Savings Rates.- 5.5 The  Impact of Human Capital.- 5.6 On Urban Evolution with  Multiple Groups.- A.5.1 Proving Lemma 5.3.1.- A.5.2  Proving Lemma 5.3.2.- 6 Two-Group Spatial Structures with  Capital and Knowledge.- 6.1 The Spatial Economy with  Heterogeneous Population.- 6.2 Temporary Urban Pattern.-  6.3 Long-Run Equilibria and Stability Conditions.- 6.4  The Impact of Creativity.- 6.5 The Impact of the  Population.- 6.6 On Urban Evolution with Heterogeneous  Population.- A.6.1 Proving Lemma 6.2.2.- A.6.2 Proving  Proposition 6.3.1.- 7 Urban Growth and Pattern Formation  with Preference Change.- 7.1 The Model.- 7.2 Properties  of the Dynamic System.- 7.3 Human Capital and the  Economic Structure.- 7.4 On Preference Change and Urban  Pattern.- A.7.1 Proving Lemma 7.2.1.- 8 Urban-Rural  Division of Labor with Spatial Amenities.- 8.1 The  Spatial Structure with Urban-Rural Areas.- 8.2 Spatial  Equilibria.- 8.3 Amenities and Economic Geography.- 8.4  On Spatial Equilibrium Structure.- A.8.1 Proving  Proposition 8.2.1.- 9 Spatial Equilibrium with Multiple  Cities.- 9.1 The Model.- 9.2 Urban Equilibria.- 9.3 The  Impact of Amenities upon the Urban Structure.- 9.4  Concluding Remarks.- A.9.1 Proving Proposition 9.2.1.- 10  Growth with International Trade and Urban Pattern  Formation.- 10.1 The Model.- 10.2 The Dynamic Properties  of the Trade System.- 10.3 Country 1's Propensity to Own  Wealth.- 10.4 Country Ps Working Efficiency.- 10.5 On  International Trade and Spatial Structures.- A.10.1  Proving Proposition 10.2.1.- A.10.2 Proving Proposition  10.2.2.- 11 Nonlinear Dynamics of a Multi-City System.-  11.1 An Isolated Island Economy.- 11.2 Economic  Geographic Cycles in the Isolated Island Economy.- 11.3  Aperiodic Oscillations in the J-Island Economy.- 11.4 On  Spatial Chaos.- A.11.1 The Dynamics of Capital and the  Population.- 12 Further Issues on Cities.- Author Index. </subfield>
    <subfield code="g"></subfield>
    <subfield code="r"></subfield>
    <subfield code="t"></subfield>
  </datafield>
  <datafield tag="520" ind1=" " ind2=" ">
    <subfield code="a">My recent books, Capital and Knowledge (Zhang, 1999) and A  TheoryofInternational Trade (Zhang, 2000) show how separate  economic theories such as the Marxian economics, the  Keynesian economics, the general equilibrium theory, the  neoclassical growth theory, and the neoclassical trade  theory can be examined within a single theoretical  framework.</subfield>
  </datafield>
  <datafield tag="650" ind1=" " ind2="0">
    <subfield code="a">Space in economics</subfield>
  </datafield>
  <datafield tag="650" ind1=" " ind2="0">
    <subfield code="a">Urban economics</subfield>
  </datafield>
  <datafield tag="999" ind1=" " ind2=" ">
    <subfield code="c">6188</subfield>
    <subfield code="d">6188</subfield>
  </datafield>
  <datafield tag="952" ind1=" " ind2=" ">
    <subfield code="0">0</subfield>
    <subfield code="1">0</subfield>
    <subfield code="2">ddc</subfield>
    <subfield code="4">0</subfield>
    <subfield code="7">0</subfield>
    <subfield code="8">MAIN</subfield>
    <subfield code="a">RTCLIB</subfield>
    <subfield code="b">RTCLIB</subfield>
    <subfield code="c">MAIN</subfield>
    <subfield code="h"> </subfield>
    <subfield code="i">11221</subfield>
    <subfield code="l">0</subfield>
    <subfield code="o">330.9 ZHA</subfield>
    <subfield code="p">30011043</subfield>
    <subfield code="r">2018-11-27 00:00:00</subfield>
    <subfield code="w">2018-11-27</subfield>
    <subfield code="y">MAIN</subfield>
  </datafield>
</record>
